Pays par Indice #5 - Statistiques

Statistiques générales
  • Ce quiz a été pris 994 fois
  • Le résultat moyen est 15 sur 20
Statistiques - réponses
Indice Pays % Correct
Quel pays avait une « politique de l'enfant unique » jusqu'en 2016 ? Chine
98%
Dans quel pays trouve-t-on le plus d'habitants d'origine Basque ? Espagne
94%
Quel pays fait 4 300 kilomètres de long, mais seulement 350 kilomètres de large ? Chili
93%
Quel pays se situe entre l'Algérie et l'Égypte ? Libye
93%
Quel pays contrôle le Canal de Suez ? Égypte
92%
Quel pays partage une frontière avec Haïti ? République Dominicaine
92%
Quel pays est entièrement enclavé dans l'Afrique du Sud ? Lesotho
90%
Quel pays possède les îles de Sumatra, Java et Sulawesi ? Indonésie
85%
Pour quel pays les espions du MI6 travaillent-ils ? Royaume-Uni
83%
Quel pays est frontalier de la Roumanie ainsi que de la Turquie ? Bulgarie
82%
Dans quel pays se déroule le roman Guerre et Paix ? Russie
71%
Dans quel pays actuel trouve-t-on les ruines de Carthage ? Tunisie
70%
D'après la légende, quelle petite république d'Europe aurait été fondée en l'an 301 ? Saint-Marin
67%
Quel pays a pour monnaie officielle le Bolivar ? Venezuela
65%
Dans quel pays le chewing-gum est-il interdit depuis 1992 ? Singapour
57%
Dans quel pays le Nil prend-il sa source du lac Victoria ? Ouganda
55%
De quel pays sont originaires les genres musicaux appelés ska et dub ? Jamaïque
51%
Dans quel pays les Tigres Tamouls ont-ils mené une guerre d'indépendance ? Sri Lanka
46%
Dans quel pays sont nés les frères siamois Chang et Eng Bunker ? Thaïlande
40%
Dans quel pays le président Nyýazow a-t-il fait construire une statue dorée à son effigie, qui mesure 95 mètres de haut et tourne pour toujours faire face au Soleil ? Turkménistan
37%
Aucun quiz correspondant
Distribution des résultats
% des personnes avec chaque résultat
Percentile par nombre de réponses
Votre historique - résultats
Vous n’avez pas pris ce quiz